000 00671nam a2200193 a 4500
005 20210219160240.0
008 080929s1992 mx r 000 0 spa d
035 _aUPN01000161424
049 _aUNE
080 _a37 (81) =20 1990-92 DEV.
245 0 4 _aThe Development of education: national report 1990-1992.
260 _aBrazil :
_bMinistry of Education,
_c1992.
300 _a69 p. ;
_btabl.
500 _aInforme presentado en la 43a. Reunión de la Conferencia Internacional de Educación, 1992 : Ginebra, Suiza.
690 _aEducacion- Brasil
690 _aDesarrollo de la educacion- Brasil
710 1 _aBrasil. Ministry of Education.
905 _aUNESCO
999 _c133537
_d133537